| 000 | 00452nam a2200169Ia 4500 | ||
|---|---|---|---|
| 003 | LK-CoDNM | ||
| 005 | 20240807145155.0 | ||
| 008 | 010623t1839 xxu||||| |||| 00| 1 eng d | ||
| 040 |
_aLK-CoDNM _dLK-CoDNM _eLK-CoDNM |
||
| 041 | _aeng | ||
| 080 |
_a16 _bU2 |
||
| 100 | _aHALLIWELL J.O | ||
| 245 | _aThe Voiage and Travaile of Sir John Maundevile, KT. | ||
| 260 |
_bEdward Lumley _aLondon _c1839 |
||
| 300 | _bxii, 326p. : ill ; 21 cm | ||
| 942 | _cBK | ||
| 999 |
_c81167 _d81167 |
||